000 01512cad a22002535a 4500
001 L138251
008 070524e20070516xxko f f000 0 eng d
035 _a(Sirsi) u138251
041 0 _aeng
050 0 4 _a306.1 $2 18
100 1 _aWilliams, Tim
245 0 4 _aThe Williams report
_bquality first
_bthe commission on the design of affordable housing in the Thames gateway
_h[electronic resource]
260 _aLondon
_bThe Housing Corporation
_c2007
520 _aDescribes the need for affordable housing in the Thames Gateway area. Aims to provide approaches and mechanisms for use within the National Affordable Housing Programme. Attempts to develop a better understanding of the current mechanisms and delivery chain. Promotes a long term programme of investment in the region. Examine the national policy framework, and its responses to infrastructure requirements and the environment. Makes recommendations aimed at social landlords, government departments and bodies, the planning inspectorate and the private sector.
590 _aKA
650 2 4 _aPLANNING POLICY STATEMENT ONE
650 2 4 _aPLANNING POLICY STATEMENT 3
650 2 4 _aTOWN AND COUNTRY PLANNING ACT 1990 S106
650 2 4 _aNATIONAL AFFORDABLE HOUSING PROGRAMME
651 4 _aLONDON
690 _aPROPERTY-RESIDENTIAL PROPERTY-DOMESTIC RESIDENTIAL PROPERTY-HOUSING
856 4 0 _uhttps://www.housingcorp.gov.uk/server/show/ConWebDoc.11045/changeNav/440
_zView the item free of charge at www.housingcorp.gov.uk...
942 _n0
999 _c107082
_d107082